Retail's future is on the line (Record no. 74244)
[ view plain ]
| 000 -LEADER | |
|---|---|
| fixed length control field | 01485cab a2200301 4500 |
| 001 - CONTROL NUMBER | |
| control field | ABS67523 |
| 008 - FIXED-LENGTH DATA ELEMENTS--GENERAL INFORMATION | |
| fixed length control field | 040304n2004 000 0 eng u |
| 035 ## - SYSTEM CONTROL NUMBER | |
| System control number | (Sirsi) u125341 |
| 100 ## - MAIN ENTRY--PERSONAL NAME | |
| Personal name | Brown, S. |
| 245 ## - TITLE STATEMENT | |
| Title | Retail's future is on the line |
| 260 ## - PUBLICATION, DISTRIBUTION, ETC. | |
| Date of publication, distribution, etc. | 2004 |
| 490 ## - SERIES STATEMENT | |
| Series statement | Estates Gazette |
| Volume/sequential designation | (0404) 24 January 2004 98-99(2) |
| 520 ## - SUMMARY, ETC. | |
| Summary, etc. | Examines the progress of e-commerce and whether it has, as predicted, revolutionised the way we shop. Looks at e-commerce's different development rates in Europe, which reflect the north/south divide evident in its retail trade structures, consolidated in the north and more fragmented in the south. Describes the e-economy benchmarking framework commissioned by The Office of the e-Envoy and the DTI. Rates the US, UK and Canada as having the best environment for e-commerce and divides wired Europe into three tiers: pioneers, followers and laggards. Concludes that customer fulfilment and security issues remain the most important barriers to e-commerce growth and warns retailers and investor/developers not to be complacent about the future impact of e-commerce. |
| 590 ## - LOCAL NOTE (RLIN) | |
| Local note | ABS |
| 650 ## - SUBJECT ADDED ENTRY--TOPICAL TERM | |
| Topical term or geographic name entry element | UNITED STATES |
| 650 ## - SUBJECT ADDED ENTRY--TOPICAL TERM | |
| Topical term or geographic name entry element | EUROPE |
| 650 ## - SUBJECT ADDED ENTRY--TOPICAL TERM | |
| Topical term or geographic name entry element | CANADA |
| 650 ## - SUBJECT ADDED ENTRY--TOPICAL TERM | |
| Topical term or geographic name entry element | E-ECONOMY |
| 650 ## - SUBJECT ADDED ENTRY--TOPICAL TERM | |
| Topical term or geographic name entry element | BENCHMARKING |
| 650 ## - SUBJECT ADDED ENTRY--TOPICAL TERM | |
| Topical term or geographic name entry element | UNITED KINGDOM |
| 650 ## - SUBJECT ADDED ENTRY--TOPICAL TERM | |
| Topical term or geographic name entry element | RETAILERS |
| 650 ## - SUBJECT ADDED ENTRY--TOPICAL TERM | |
| Topical term or geographic name entry element | E-TAILERS |
| 650 ## - SUBJECT ADDED ENTRY--TOPICAL TERM | |
| Topical term or geographic name entry element | E-COMMERCE |
| 690 ## - LOCAL SUBJECT ADDED ENTRY--TOPICAL TERM (OCLC, RLIN) | |
| Topical term or geographic name as entry element | INFORMATION TECHNOLOGY-INTERNET |
| 700 ## - ADDED ENTRY--PERSONAL NAME | |
| Personal name | Dixon, T. |
| 700 ## - ADDED ENTRY--PERSONAL NAME | |
| Personal name | Marston, A. |
| 942 ## - ADDED ENTRY ELEMENTS (KOHA) | |
| Suppress in OPAC | 0 |
| Withdrawn status | Lost status | Source of classification or shelving scheme | Damaged status | Not for loan | Home library | Current library | Shelving location | Date acquired | Total Checkouts | Full call number | Barcode | Date last seen | Copy number | Price effective from | Koha item type |
|---|---|---|---|---|---|---|---|---|---|---|---|---|---|---|---|
| Dewey Decimal Classification | London | London | Journal article | 04/03/2004 | ABS67523 | 125341-1001 | 06/08/2019 | 1 | 06/08/2019 | Journal article |